Statystyki dla Kraje w NATO

Kliknij tutaj aby rozwiązać quiz!

Ogólne statystyki

  • Ten quiz został rozwiązany 340 razy
  • Średni wynik to 25 z 30

Statystyki odpowiedzi

Rok przystąpieniaPaństwa% Poprawnych
1999Polska
100%
1955Niemcy
95%
1949Francja
93%
1982Hiszpania
93%
1949Stany Zjednoczone
93%
1949Portugalia
92%
1949Wielka Brytania
92%
1999Czechy
89%
1949Norwegia
89%
1949Włochy
89%
2004Słowacja
88%
2004Litwa
86%
1949Holandia
85%
1949Belgia
84%
2004Łotwa
84%
1952Grecja
83%
1949Kanada
82%
2004Estonia
81%
1949Dania
79%
2004Słowenia
79%
2009Chorwacja
78%
1999Węgry
78%
1952Turcja
75%
2004Rumunia
74%
2004Bułgaria
71%
1949Luksemburg
71%
2009Albania
67%
1949Islandia
67%
2020Macedonia Północna
61%
2017Czarnogóra
58%

Rozkład punktacji

Percentyl według liczby udzielonych odpowiedzi

Procent ludzi z każdym wynikiem

Twoja historia wyników

Nie rozwiązałeś tego quizu